Statistics for Japanese Sports

Click here to take the quiz!

General Stats

  • This quiz has been taken 238 times
  • The average score is 7 of 8

Answer Stats

HintAnswer% Correct
In This Sport Heavy Men Wear Cloth Around Their Waist And Try To Push Eachother Out Of The Ring With Only Using Their Upper BodySumo Wrestling
99%
A Sport Where You Use A Metal Bat To Hit A Hard Ball And Your Aim Is To Run To The BasesBaseball
98%
A Sport Where Your Aim Is To Kick A Sphere Shaped Ball Into A Net Without The Goal Keeper Stopping It From Going InFootball (Soccer)
92%
A Sport Where You Use Gloves On Your Fists And Your Aim Is To Punch Their Head And There Is Different Weight ClassesBoxing
90%
A Sport Where You Use Club To Hit A Small Sphere Shaped Ball Into A Hole In The GroundGolf
89%
A Sport Where Use A Vehicle To Race Around A Track And Your Aim Is To Beat All The Other RacersMotor Racing
72%
A Sport Where You Use A Bamboo Sword And Is Similiar To FencingKendo
67%
A Sport Where You Use Moves And Tactics To Defeat Your Oponent And Pin Them Down For 3 SecondsPuroresu (Professional Wrestling)
59%

Score Distribution

Percentile by Number Answered

Percent of People with Each Score

Your Score History

You have not taken this quiz